00783 2200289 4500001002100000005001500021035002500036008004100061020001700102082001700119090001700136245006200153250002000215260005900235300003000294500003000324650003200354700001500386850001200401980001500413985000600428999001500434007000300449084001700452990001200469990001200481YOGYA-0209000006483320210531094542 a0010-020900000064833090227s1990 jki g ind d a979-459149-904223a899.2262 a899.2262 SAS aSastra Toraja dan terjemahannya /cpenerjemah, J.S. Sande aCetakan pertama3 aJakarta :bDepartemen Pendidikan dan Kebudayaan,c1990 avii, 162 halaman ;c21 cm aBibliografi : halaman 162 aKesusastraan Toraja - Puisi1 aSande, J.S aYOPDYOG a02-09-2008 a1 aA000016471ta a899.2262 SAS a16471-A a16471-A